000 00760nas a2200253 4500
001 BR9903552
003 BR-BrBNA
005 20231205101506.0
007 ta
008 230509b bl.|||p| |||| 00| 00por d
040 _aBR-BrBNA
_bpor
_cBiblioteca Nacional de Agricultura
041 _a(Pt)
072 _aF30
100 1 _aVieira, R.F.
100 1 _aVieira, C.
100 1 _aFerreira, R.T.
245 1 _aComportamento de cultivares de ervilha em Vicosa, Zona da Mata de Minas Gerais
650 _aErvilha
650 _aComportamento de Variedade
650 _aMinas Gerais
773 0 _tRevista Ceres (Brazil)
_xISSN 0034-737X
_g(May-Jun 1999), v. 46(265) p. 335-344
_wBR9903552
909 _a202311
_bLúcia
_c55
_dLúcia Elande
942 _2AGRIS
_n0
_cANA
999 _c162177
_d162177